MARC details
| 000 -CABECERA |
| campo de control de longitud fija |
02499nam a22004094i 4500 |
| 001 - NÚMERO DE CONTROL |
| campo de control |
991061742706306706 |
| 003 - IDENTIFICADOR DEL NÚMERO DE CONTROL |
| campo de control |
ES-BaIT |
| 005 - FECHA Y HORA DE LA ÚLTIMA TRANSACCIÓN |
| campo de control |
20260413103016.0 |
| 008 - DATOS DE LONGITUD FIJA--INFORMACIÓN GENERAL |
| campo de control de longitud fija |
260326e202602 spc |||| 0 spa|| |
| 017 ## - NÚMERO DE COPYRIGHT O DE DEPÓSITO LEGAL |
| Número de copyright o de depósito legal |
DL B 244-2026 |
| Agencia que asigna |
Biblioteca de Catalunya |
| 020 ## - NÚMERO INTERNACIONAL ESTÁNDAR DEL LIBRO |
| Número Internacional Estándar del Libro |
9788491998358 |
| 035 ## - NÚMERO DE CONTROL DEL SISTEMA |
| Número de control de sistema |
b21360704 |
| 040 ## - FUENTE DE LA CATALOGACIÓN |
| Centro catalogador/agencia de origen |
ES-BaIT |
| Lengua de catalogación |
cat |
| Normas de descripción |
rda |
| Centro/agencia transcriptor |
ES-BaIT |
| 041 1# - CÓDIGO DE LENGUA |
| Código de lengua del texto/banda sonora o título independiente |
spa |
| Código de lengua original |
eng |
| 080 ## - NÚMERO DE LA CLASIFICACIÓN DECIMAL UNIVERSAL |
| Número de la Clasificación Decimal Universal |
929Shakespeare, William |
| 100 ## - ENTRADA PRINCIPAL--NOMBRE DE PERSONA |
| Nombre de persona |
Greenblatt, Stephen, |
| Fechas asociadas al nombre |
1943- |
| Término indicativo de función/relación |
autor |
| 9 (RLIN) |
134478 |
| 240 1# - TÍTULO UNIFORME |
| Título uniforme |
Will in the world. |
| Lenguaje de la obra |
Castellà |
| 9 (RLIN) |
169231 |
| 245 13 - MENCIÓN DE TÍTULO |
| Título |
El Espejo de un hombre : |
| Resto del título |
vida, obra y época de William Shakespeare / |
| Mención de responsabilidad, etc. |
Stephen Greenblatt ; traducción de Teófilo de Lozoya y Juan Rabasseda. |
| 250 ## - MENCIÓN DE EDICIÓN |
| Mención de edición |
Primera edición |
| 264 #1 - PRODUCCIÓN, PUBLICACIÓN, DISTRIBUCIÓN, FABRICACIÓN Y COPYRIGHT |
| Producción, publicación, distribución, fabricación y copyright |
Barcelona : |
| Nombre del de productor, editor, distribuidor, fabricante |
Crítica, |
| Fecha de producción, publicación, distribución, fabricación o copyright |
febrero de 2026 |
| 300 ## - DESCRIPCIÓN FÍSICA |
| Extensión |
464 pàgines, 8 pàgines de làmines no numerades : |
| Otras características físicas |
il·lustracions, |
| Dimensiones |
24 cm |
| 336 ## - TIPO DE CONTENIDO |
| Término de tipo de contenido |
text |
| Código de tipo de contenido |
txt |
| Fuente |
rdacontent. |
| 337 ## - TIPO DE MEDIO |
| Nombre/término del tipo de medio |
sense mediació |
| Código del tipo de medio |
n |
| Fuente |
rdamedia. |
| 338 ## - TIPO DE SOPORTE |
| Nombre/término del tipo de soporte |
volum |
| Código del tipo de soporte |
nc |
| Fuente |
rdacarrier. |
| 490 1# - MENCIÓN DE SERIE |
| Mención de serie |
Serie mayor |
| 520 ## - SUMARIO, ETC. |
| Sumario, etc. |
" Durante varios siglos, William Shakespeare ha sido reconocido como uno de los autores más influyentes de todos los tiempos. Su capacidad para explorar los deseos y miedos más profundos del ser humano, la complejidad de los personajes y la fuerza de los relatos han transformado para siempre la literatura universal. Sin embargo, la figura del hombre que escribió esas obras continúa siendo un enigma. Pocas certezas se conservan sobre su vida y los mitos que lo rodean no han hecho más que aumentar la incógnita.En este libro, Stephen Greenblatt ofrece una interpretación que nace tanto de los mismos textos de Shakespeare como de sus contemporáneos. Más allá de una biografía al uso, estamos delante de una investigación brillante sobre el proceso creativo del autor y, al mismo tiempo, una inmersión fascinante en la Inglaterra isabelina, el escenario que presenció la consagración de un genio." -- Contracoberta |
| 600 17 - PUNTO DE ACCESO ADICIONAL DE MATERIA--NOMBRE DE PERSONA |
| Nombre de persona |
Shakespeare, William, |
| Fechas asociadas al nombre |
1564-1616 |
| Subdivisión general |
Crítica i interpretació |
| 9 (RLIN) |
55834 |
| 650 #0 - PUNTO DE ACCESO ADICIONAL DE MATERIA--TÉRMINO DE MATERIA |
| Término de materia o nombre geográfico como elemento de entrada |
Dramaturgs anglesos |
| Subdivisión cronológica |
1500-1700, Anglès modern primitiu |
| Subdivisión de forma |
Biografia |
| 9 (RLIN) |
67819 |
| 650 #0 - PUNTO DE ACCESO ADICIONAL DE MATERIA--TÉRMINO DE MATERIA |
| Término de materia o nombre geográfico como elemento de entrada |
Teatre |
| Subdivisión geográfica |
Anglaterra |
| Subdivisión general |
Història |
| Subdivisión cronológica |
S. XVI |
| 9 (RLIN) |
68447 |
| 651 #0 - PUNTO DE ACCESO ADICIONAL DE MATERIA--NOMBRE GEOGRÁFICO |
| Nombre geográfico |
Anglaterra |
| Subdivisión general |
Vida intel·lectual |
| Subdivisión cronológica |
S. XVI |
| 9 (RLIN) |
134479 |
| 700 1# - ENTRADA AGREGADA--NOMBRE PERSONAL |
| Nombre de persona |
Lozoya, Teófilo de |
| Término indicativo de función/relación |
traductor |
| 9 (RLIN) |
169232 |
| 700 1# - ENTRADA AGREGADA--NOMBRE PERSONAL |
| Nombre de persona |
Rabasseda-Gascón, Juan |
| Término indicativo de función/relación |
traductor |
| 9 (RLIN) |
169233 |
| 830 ## - PUNTO DE ACCESO ADICIONAL DE SERIE-TÍTULO UNIFORME |
| Título uniforme |
Serie mayor (Crítica (Firma)) |
| 9 (RLIN) |
169234 |
| 908 ## - COLOCAR PARÁMETRO DE COMANDO (RLIN) |
| Colocar parámetro de comando |
CDMAE |
| 940 ## - EQUIVALENCIA O REFERENCIA-CRUZADA--TÍTULO UNIFORME [OBSOLETO] [solamente CAN/MARC] |
| Título uniforme |
<a href="CDMAE">CDMAE</a> |
| 942 ## - ELEMENTOS DE ENTRADA AGREGADA (KOHA) |
| Fuente del sistema de clasificación o colocación |
Clasificación decimal universal |
| Tipo de ítem Koha |
Llibre |